000 00584nam a2200181 a 4500
005 20240810063748.0
008 991125s2006 fr 000 0 fre u
020 _a9282020843
035 _aUPN01000017721
049 _aUNE
050 4 _aLC155 M6
_bK3.2
100 1 _aKalman Landman, Judith,
_d1954-
_931731
245 1 0 _aA la découverte de l'alphabétisation :
_bvoies d'accés vers la culture de... /
_cJudith Kalman.
260 _aHambourg, Ale. :
_bUNESCO,
_cc2006.
300 _aviii, 171 p. :
_btablas
650 4 _aAlfabetización (Educación)
_zMéxico
_91948
905 _aLibro
999 _c17721
_d17721